000 00985nas a2200313 4500
001 BR2017000708
003 BR-BrBNA
005 20231205130850.0
007 ta
008 230509b bl.|||p| |||| 00| 00por d
040 _aBR-BrBNA
_bpor
_cBiblioteca Nacional de Agricultura
041 _a(En)
072 _aF04; P34
100 1 _aNava, G.
100 1 _aSantos, K.L. dos
100 1 _aCosta, M.D.
100 1 _aCiotta, M.N.
245 1 _aGrowth, mineral composition, fruit yield, and mycorrhizal colonização of feijoada in response to lime and phosphorus application
650 _aGOIABA
650 _aFERTILIZANTE FOSFATADO
650 _aCALAGEM
650 _aMICORRIZA
650 _aNUTRIÇÃO VEGETAL
650 _aNUTRIENTE MINERAL
650 _aPRODUÇÃO VEGETAL
773 0 _tPesquisa Agropecuária Brasileira (Brazil)
_xISSN 0100-204X
_g(Aug 2016), v. 51(8) p. 942-949
_wBR2017000708
909 _a202311
_bLúcia
_c55
_dLúcia Elande
942 _2AGRIS
_n0
_cANA
999 _c251739
_d251739